Fr. Conceicao Rodrigues College of Engineering

Room on the roof and vagrants in the valley (Record no. 20061)

MARC details
000 -LEADER
fixed length control field 00338nam a2200157Ia 4500
082 ## - DEWEY DECIMAL CLASSIFICATION NUMBER
Classification number 808.83/RUS
100 ## - MAIN ENTRY--PERSONAL NAME
Personal name Ruskin Bond
245 ## - TITLE STATEMENT
Title Room on the roof and vagrants in the valley
260 ## - PUBLICATION, DISTRIBUTION, ETC.
Name of publisher, distributor, etc. Penquin books
Date of publication, distribution, etc. 1993
366 ## - TRADE AVAILABILITY INFORMATION
Publishers's discount category 20
300 ## - PHYSICAL DESCRIPTION
Extent 223
546 ## - LANGUAGE NOTE
Language note ENGLISH
650 ## - SUBJECT ADDED ENTRY--TOPICAL TERM
Topical term or geographic name entry element Ficiton
654 ## - SUBJECT ADDED ENTRY--FACETED TOPICAL TERMS
Focus term vagrants
942 ## - ADDED ENTRY ELEMENTS (KOHA)
Koha item type BOOK
Holdings
Withdrawn status Lost status Damaged status Not for loan Collection Home library Current library Date acquired Source of acquisition Cost, normal purchase price Inventory number Total Checkouts Full call number Barcode Date last seen Date last checked out Cost, replacement price Price effective from Koha item type
        CRC Fr. Agnel's C.Rodrigues College of Engineering Fr. Agnel's C.Rodrigues- College of Engineering 17/03/2023 Ane Books India 180.00 220 dt 17/10/2008 1 808.83/RUS 19047 14/06/2023 12/06/2023 225.00   BOOK